000 00801cam a2200205 i 4500
005 20251230103908.0
008 250721s1998 jo gr 000 0 ara d
082 1 4 _a218.7
_bف و د
100 1 _aالسنوسي، أبي عبد الله
_eمؤلف.
245 1 0 _aتهذيب شرح السنوسية أم البراهين :
_bمن شروح عقائد أهل السنة /
_cللامام العلامة ابي عبدالله السنوسي.
246 1 3 _aمتن أم البراهين
250 _aالطبعة الاولى.
264 3 1 _aعمان :
_bدار البيارق،
_c1998.
300 _a174صفحة.
650 1 7 _aالحركات الإسلامية.
650 1 7 _aالسنوسية.
700 1 _aفودة، سعيد عبد اللطيف
942 _2ddc
_cBK
999 _c40528
_d40528